=LDR 00000nam 2200000 4500 =001 INLIS000000000035589 =005 20130612141432 =008 ***********************************ind** =035 ##$$0010-061300000035589 =041 ##$$a ind =082 ##$$a 347.04 =090 ##$$a 347.04, Ana a =245 ##$$a Analisis dan evaluasi hukum tentang pangadilan perikanan/Rudy satriya mukantardjo...[Et.Al] =260 ##$$a 2009 $b Jakarta =300 ##$$a X,210 hlm, 21 Cm =650 ##$$a Pengadilan-Perikanan =700 ##$$a Mukantarjo, Rudy Satriyo =850 ##$$a NBPNMAT =990 ##$$a 0001/BPAP-NTB/20142015